000 00771nam a2200253Ia 4500
003 OSt
005 20220923212426.0
006 a|||||r|||| 00| 0
007 ta
008 220922b |||||||| |||| 00| 0 hin d
024 _a152,834
037 _cTextual
040 _aARTS
_cARTS
_bhin
041 _2hin
_ahin
082 _aO13,2C47,1, 152K9
100 _aईस्खिलुस
_9156277
245 0 _aअगमेम्नन
246 _aAgamemnana
260 _aनई दिल्ली
_b साहित्य अकादेमी
_c1969
300 _a114 पृ.
_ccm.
650 _aहिन्दी साहित्य
_9156264
942 _hO13,2C47,1, 152K9
_cTEXL
_2CC
999 _c308483
_d308483